A Detection And Isolation Technique For A Class Of Faults Based On Input Estimation (Record no. 233618)

MARC details
000 -LEADER
fixed length control field 00799nam a2200145Ia 4500
008 - FIXED-LENGTH DATA ELEMENTS--GENERAL INFORMATION
fixed length control field 231221s9999 xx 000 0 und d
041 ## - LANGUAGE CODE
Language code of text/sound track or separate title English
082 ## - DEWEY DECIMAL CLASSIFICATION NUMBER
Classification number CPEC15-1093
100 ## - MAIN ENTRY--PERSONAL NAME
Personal name Koshy George. Pavan Padmashali.
245 #2 - TITLE STATEMENT
Title A Detection And Isolation Technique For A Class Of Faults Based On Input Estimation
260 ## - PUBLICATION, DISTRIBUTION, ETC.
Date of publication, distribution, etc. 2015
500 ## - GENERAL NOTE
General note A Detection And Isolation Technique For A Class Of Faults Based On Input Estimation Koshy George and Pavan Padmashali Dept. of Telecommunication Engineering, PES Institute of Technology (now PES University), Bangalore. Proceedings of the 12th IEEE India International Conference (INDICON 2015), New Delhi, India
650 ## - SUBJECT ADDED ENTRY--TOPICAL TERM
Topical term or geographic name entry element Detection,Isolation,Technique,Faults,Input,Estimation
942 ## - ADDED ENTRY ELEMENTS (KOHA)
Koha item type Institutional repository
Holdings
Date last seen Total checkouts Full call number Accession number Price effective from Category Lost status Damaged status Department Withdrawn status Home library Current library Shelving location Entry date Grants Currency symbol Conversion rate Discount Old discount
26/01/2024   CPEC15-1093 IR1093 26/01/2024 Institutional repository     EC   Central Library Central Library Central Library   EC RS 1    

© For any Suggestions or Query, please contact the library staff @ librarian@pes.edu or Phone: +9180 2672 1983/ 2108.